|
|
|
|
| LEADER |
00000nam0a2200000 4500 |
| 001 |
324583 |
| 005 |
20231102003700.0 |
| 035 |
|
|
|a (RuTPU)RU\TPU\book\350181
|
| 090 |
|
|
|a 324583
|
| 100 |
|
|
|a 20161118d1948 km y0rusy50 ca
|
| 101 |
0 |
|
|a rus
|
| 102 |
|
|
|a UA
|
| 105 |
|
|
|a a z 001zy
|
| 200 |
1 |
|
|a Улучшение качества питьевой воды (работы Академии Наук УССР)
|f Л. А. Кульский
|g Академия наук Украинской ССР (АН УССР) ; под ред. Ю. К. Делимарского
|
| 210 |
|
|
|a Киев
|c Изд-во АН УССР
|d 1948
|
| 215 |
|
|
|a 56 с.
|c ил.
|
| 320 |
|
|
|a Библиогр.: с. 55
|
| 606 |
1 |
|
|a Вода питьевая
|x Качество
|2 stltpush
|3 (RuTPU)RU\TPU\subj\2732
|9 31259
|
| 610 |
1 |
|
|a химия
|
| 610 |
1 |
|
|a химическая технология
|
| 610 |
1 |
|
|a хлорирование
|
| 610 |
1 |
|
|a коагуляция
|
| 610 |
1 |
|
|a электрическая очистка
|
| 675 |
|
|
|a 628.1
|v 4
|
| 700 |
|
1 |
|a Кульский
|b Л. А.
|
| 702 |
|
1 |
|a Делимарский
|b Ю. К.
|4 340
|
| 712 |
0 |
2 |
|a Академия наук Украинской ССР (АН УССР)
|c (1936-1991)
|2 stltpush
|3 (RuTPU)RU\TPU\col\332
|
| 801 |
|
1 |
|a RU
|b 63413507
|c 20161118
|
| 801 |
|
2 |
|a RU
|b 63413507
|c 20200319
|g RCR
|
| 942 |
|
|
|c BK
|